=LDR 00000nam 2200000 4500 =001 NUTBA000000000000461 =005 20140324124933.0 =006 =007 =008 =035 ##$$a 0010-031400000000460 =040 ##$$b Ind =082 ##$$a 796.334 2 =090 ##$$a 796.334 2$bHar t =100 ##$$a Harvey, Gill =245 ##$$a The usborne soccer shool teknik mengoper & menembak$cGill Harvey =260 ##$$a Jakarta $b GMS $c 2002. =300 ##$$a V,132 Hlm$bIlus$c25 cm.. =650 ##$$a Sepak Bola$xTeknik =850 ##$$a NBPNMAT =990 ##$$a 10407936 =990 ##$$a 91328/BPAP-NTB/2014